书目信息 |
| 题名: |
中医学基础
|
|
| 作者: | ;沈阳药学院 主编 | |
| 分册: | ||
| 出版信息: | 北京 人民卫生出版社 1978 |
|
| 页数: | 124页 | |
| 开本: | 26cm | |
| 丛书名: | ||
| 单 册: | ||
| 中图分类: | R22 | |
| 科图分类: | ||
| 主题词: | 中医医学基础 | |
| 电子资源: | ||
| ISBN: | ||
| 000 | 00616nam0 2200241 45 | |
| 001 | 0178000496 | |
| 005 | 20040520101717.6 | |
| 010 | @dCNY0.69 | |
| 091 | @a14048.3654 | |
| 100 | @a19950807d1978 em y0chiy0121 ea | |
| 101 | 0 | @achi |
| 102 | @aCN@b110000 | |
| 105 | @ay z 000yy | |
| 106 | @ar | |
| 200 | 10 | @a中医学基础@Azhong yi xue ji chu@f沈阳药学院主编 |
| 210 | @a北京@c人民卫生出版社@d1978 | |
| 215 | @a124页@d26cm | |
| 300 | @a供药学专业使用 | |
| 606 | 0 | @a中医医学基础 |
| 690 | @aR22 | |
| 711 | 02 | @a沈阳药学院@Ashen yang yao xue yuan@4主编 |
| 801 | 0 | @aCN@bNLC@c20040520 |
| 905 | @f1@b13008@dR22@e3 | |
| 中医学基础/沈阳药学院主编.-北京:人民卫生出版社,1978 |
| 124页;26cm |
| 供药学专业使用 |
| ISBN :CNY0.69 |
| ● |
| 相关链接 |
|
|
|
|
正题名:中医学基础
索取号:R22/3
 
预约/预借
| 序号 | 登录号 | 条形码 | 馆藏地/架位号 | 状态 | 备注 |
| 1 | 0013008 | 000710939 | 第二样本阅览室/ [索取号:R22/3] | 在馆 |